Операционные системы, среды и оболочки: учебное пособие

التفاصيل البيبلوغرافية
المؤلف الرئيسي: Партыка Т. Л. Татьяна Леонидовна
مؤلفون آخرون: Попов И. И. Игорь Иванович
الملخص:Рассматриваются общие принципы организации, состав, структура операционных систем и их оболочек, а также ряд конкретных систем. Значительное внимание уделяется проблемам управления информацией, процессами в ЭВМ и связи с оператором в рамках различных интерфейсов. В качестве примеров конкретных систем рассматриваются как ОС персональных компьютеров - MS-DOS, Windows 3.x, 95/98/МЕ, NT/2000/XP, так и ОС для многопользовательских ЭВМ — OS 360/370/375, RSX, Unix, Linux. Рассмотрен ряд оболочек, расширяющих возможности ОС ЭВМ как с текстовым, так и с графическим интерфейсом.Для учащихся техникумов, колледжей, а также студентов вузов.
اللغة:الروسية
منشور في: Москва, Форум, 2014
الطبعة:5-е изд., перераб. и доп.
سلاسل:Профессиональное образование
الموضوعات:
التنسيق: كتاب
KOHA link:https://koha.lib.tpu.ru/cgi-bin/koha/opac-detail.pl?biblionumber=291257

MARC

LEADER 00000nam0a2200000 4500
001 291257
005 20231102000353.0
010 |a 9785911347437 
010 |a 978-5-16-006733-9 
035 |a (RuTPU)RU\TPU\book\315822 
035 |a RU\TPU\book\152743 
090 |a 291257 
100 |a 20080717d2014 m y0rusy50 ca 
101 0 |a rus 
102 |a RU 
105 |a a j 001zy 
200 1 |a Операционные системы, среды и оболочки  |e учебное пособие  |f Т. Л. Партыка, И. И. Попов 
205 |a 5-е изд., перераб. и доп. 
210 |a Москва  |c Форум  |c Инфра-М  |d 2014 
215 |a 560 с.  |c ил. 
225 1 |a Профессиональное образование 
320 |a Литература: с. 523-524. 
320 |a Глоссарий: с. 525-539. 
330 |a Рассматриваются общие принципы организации, состав, структура операционных систем и их оболочек, а также ряд конкретных систем. Значительное внимание уделяется проблемам управления информацией, процессами в ЭВМ и связи с оператором в рамках различных интерфейсов. В качестве примеров конкретных систем рассматриваются как ОС персональных компьютеров - MS-DOS, Windows 3.x, 95/98/МЕ, NT/2000/XP, так и ОС для многопользовательских ЭВМ — OS 360/370/375, RSX, Unix, Linux. Рассмотрен ряд оболочек, расширяющих возможности ОС ЭВМ как с текстовым, так и с графическим интерфейсом.Для учащихся техникумов, колледжей, а также студентов вузов. 
606 1 |a Операционные системы  |2 stltpush  |3 (RuTPU)RU\TPU\subj\69886  |9 84548 
610 1 |a понятия 
610 1 |a ЭВМ 
610 1 |a базы данных 
610 1 |a управление 
610 1 |a MS DOS 
610 1 |a операционные среды 
610 1 |a графические программные оболочки 
610 1 |a Windows 3.x 
610 1 |a Windows 95/98/ME 
610 1 |a Windows NT/2000/XP 
610 1 |a OS/360/370/375 
610 1 |a RSX (OC PB) 
610 1 |a Unix 
610 1 |a Linux 
610 1 |a диалоговые мониторы 
610 1 |a ЕС ЭВМ 
610 1 |a PCTools 
610 1 |a Norton Commander (DOS) 
610 1 |a Far manager 
610 1 |a Dosshell 
610 1 |a Web-обозреватель 
610 1 |a Konqueror 
610 1 |a учебные пособия 
610 1 |a информатика 
610 1 |a вычислительная техника 
675 |a 004.451(075.32)  |v 4 
700 1 |a Партыка  |b Т. Л.  |g Татьяна Леонидовна 
701 1 |a Попов  |b И. И.  |g Игорь Иванович 
801 1 |a RU  |b 63413507  |c 20150413 
801 2 |a RU  |b 63413507  |c 20150603  |g RCR 
900 |a Операционные системы 
900 |a Операционные системы, среды и оболочки 
900 |a Системы программного обеспечения 
942 |c BK 
952 |l 6 
959 |a 40/20150410  |d 3  |e 506,00  |f ЧЗТЛ:1  |f УФ:2